| 000 | 00667nam a22002297a 4500 | ||
|---|---|---|---|
| 999 |
_c3041 _d3041 |
||
| 003 | AR-CdUCM | ||
| 008 | 190305b ||||| |||| 00| 0 esp d | ||
| 020 | _aISBN | ||
| 040 |
_aMUNICIPALIDAD PROVINCIAL DEL CUSCO _cBIBLIOTECA MUNICIPAL DEL CUSCO |
||
| 082 |
_a808.08 / _bD93 |
||
| 100 |
_aDostoiewski, Fedor _910349 |
||
| 245 |
_aEl jugador / _cFedor Dostoievski |
||
| 260 |
_aBarcelona ; _bDiamante, _c1962. |
||
| 300 |
_a224 paginas ; _c18 cm. |
||
| 500 | _aPlan lector | ||
| 650 |
_aNovelas rusas _92132 |
||
| 650 |
_aComprensión de lectura _93320 |
||
| 650 |
_aSiglo XIX _9971 |
||
| 650 |
_aLiteratura universal _9611 |
||
| 942 |
_2ddc _cLIBROS |
||
| 945 | _aacrt | ||